Evaluación de la ciudad de Cartago como nucleo urbano
שמור ב:
| מחבר ראשי: | |
|---|---|
| מחברים אחרים: | |
| פורמט: | ספר |
| יצא לאור: |
[San José , Costa Rica]
1985
|
| נושאים: | |
| תגים: |
הוספת תג
אין תגיות, היה/י הראשונ/ה לתייג את הרשומה!
|
MARC
| LEADER | 00000nam a2200000Ia 4500 | ||
|---|---|---|---|
| 003 | 002730 | ||
| 005 | 20221231144404.0 | ||
| 008 | 140114s1985 cr a m 000 ||s d | ||
| 040 | |c cru CEDI | ||
| 090 | |a TFG 1653 | ||
| 100 | |a Brenes Valverde, Jaime |9 14634 | ||
| 245 | |a Evaluación de la ciudad de Cartago como nucleo urbano | ||
| 260 | |c 1985 |a [San José , Costa Rica] | ||
| 300 | |a [163] hojas : ilustraciones a color, mapas color, plegables ; 28 cm | ||
| 500 | |a Proyecto de graduación (ingeniero civil)--Universidad de Costa Rica. Facultad de Ingeniería. Escuela de Ingeniería Civil | ||
| 650 | |x REHABILITACION URBANA - CARTAGO (COSTA RICA) |x URBANISMO - CARTAGO (COSTA RICA) |9 14635 | ||
| 700 | |9 18324 |a Zúñiga Leitón, Guillermo | ||
| 942 | |c TFG | ||
| 999 | |c 21160 |d 21160 | ||
